Hình tượng người phụ nữ trong truyện ngắn sau 1975 của Nguyễn Minh Châu.

Nguyễn Minh Châu và quan niệm về nghệ thuật về con người trong sáng tác sau 1975...Đặc điểm hình tượng người phụ nữ trong truyện ngắn sau 1975 của Nguyễn Minh Châu...Nghệ thuật xây dựng hình tượng người phụ nữ trong truyện ngắn sau 1975 của Nguyễn Minh Châu.......

Ful tanımlama

Kaydedildi:
Detaylı Bibliyografya
Yazar: Pham, Thị Trang
Diğer Yazarlar: Ngô, Minh Hiền Người hướng dẫn (T.S)
Materyal Türü: Kitap
Dil:Vietnamese
Baskı/Yayın Bilgisi: Đại học Sư Phạm Đại học Đà Nẵng 2011
Konular:
Etiketler: Etiketle
Etiket eklenmemiş, İlk siz ekleyin!
Thư viện lưu trữ: Mạng thư viện Đại học Đà Nẵng
LEADER 01558nam a2200325 4500
001 000011295
003 7533
005 20120203090220.0
008 120203s2011 viesd
041 |a vie 
072 |a Khóa luận tốt nghiệp - Cử nhân văn học 
082 |a 895.92234  |b PH-T 
100 1 |a Pham, Thị Trang 
245 1 |a Hình tượng người phụ nữ trong truyện ngắn sau 1975 của Nguyễn Minh Châu.  |c Pham, Thị Trang 
260 |a Đại học Sư Phạm  |b Đại học Đà Nẵng  |c 2011 
300 |a 61 tr.  |c 29 cm. 
500 |a Khóa luận tốt nghiệp 
520 |a Nguyễn Minh Châu và quan niệm về nghệ thuật về con người trong sáng tác sau 1975...Đặc điểm hình tượng người phụ nữ trong truyện ngắn sau 1975 của Nguyễn Minh Châu...Nghệ thuật xây dựng hình tượng người phụ nữ trong truyện ngắn sau 1975 của Nguyễn Minh Châu.... 
653 |a Nguyễn Minh Châu  |a Quan niệm nghệ thuật 
700 |a Ngô, Minh Hiền  |c Người hướng dẫn  |e T.S 
OWN |a LSP 
AVA |a UDN50  |b LSP  |d 895.92234 PH-T  |e available  |t Error 5001 Not defined in file expand_doc_bib_avail.  |f 1  |g 0  |h N  |i 0  |k 1 
999 |a From the UDN01 
AVA |a UDN50  |b LSP  |d 895.92234 PH-T  |e available  |t Error 5001 Not defined in file expand_doc_bib_avail.  |f 1  |g 0  |h N  |i 0  |k 1 
TYP |a Monograph 
TYP |a Printed language 
980 |a Mạng thư viện Đại học Đà Nẵng